[Event "Tata Steel GCT Blitz 2019"]
[Site "Kolkata"]
[Date "2019.11.26"]
[Round "13"]
[White "Nakamura, Hikaru"]
[Black "Ding, Liren"]
[Result "1/2-1/2"]
[WhiteElo "2741"]
[BlackElo "2801"]
[Annotator "TA"]
[PlyCount "162"]
[EventDate "2019.11.25"]
[EventType "tourn"]
[EventCountry "IND"]
[SourceTitle "playchess.com"]
[Source "ChessBase"]
[SourceQuality "1"]

{[%evp 11,162,0,0,0,2,-12,0,-7,0,0,0,0,1,-16,-6,-12,-12,-12,-12,-12,0,0,0,-12,-8,-8,-6,-8,-10,-72,-83,-68,-76,-116,-122,-115,-90,-83,-54,-97,-91,-92,-44,-40,-43,-55,-83,-86,-87,-91,-98,-200,-93,-95,-44,-41,-33,-94,0,-73,-11,-77,-79,-92,-44,-30,-8,-8,0,0,0,-23,0,0,0,-16,0,-31,0,0,0,0,0,0,0,0,0,0,0,0,-8,-253,-154,-145,-31,-32,-1,-209,-31,-32,-32,-191,-191,-385,-396,-381,-370,-314,-289,-1687,-952,-908,-933,-812,-864,-692,-641,-948,-1550,-1601,-1587,-1177,-945,-1669,-1568,-1673,-1595,-1445,-1247,-1403,-1400,-1223,-835,-1164,-929,-2216,-1994,-1881,-1532,-5405,-8553,-12829,-12840,-5419,-6148,-4610,-8,-8,-8,-8,-8,-8,-8]} 1. d4 Nf6 2. c4 e6 3. Nc3 Bb4 4. Qc2 O-O 5. a3 Bxc3+ 6. Qxc3 d5 7. e3 {E36: Nimzo-Indian: Classical: 4...d5 5 a3} (7. Nf3 dxc4 8. Qxc4 b6 9. Bg5 Bb7 10. Rd1 Nbd7 11. Ne5 h6 12. Bh4 c5 13. Nxd7 Qxd7 14. Bxf6 gxf6 15. dxc5 Qc7 16. h4 Rfd8 17. Rxd8+ Rxd8 {½-½ (30) Yu,Y (2763)-Ding,L (2811) Khanty-Mansiysk 2019}) 7... b6 8. cxd5 Nxd5 9. Qc2 Bb7 10. e4 $146 ({Predecessor:} 10. Nf3 Nd7 11. Bd3 h6 12. e4 Ne7 13. Be3 c5 14. Rd1 Rc8 {1-0 (31) Le,Q (2706)-Kaufman,R (2341) Saint Louis 2014}) 10... Nf6 11. e5 Nd5 12. Nf3 c5 13. Bd3 h6 14. O-O cxd4 15. Qe2 {Strongly threatening Qe4!} Ne7 $36 {[%mdl 2048] Black has some pressure.} 16. Rd1 Qd5 17. Bc4 Qe4 18. Qxe4 Bxe4 19. Nxd4 Nbc6 {[%cal Bb8c6,Bc6d4,Bd4b3][%mdl 32]} 20. Re1 (20. Nxc6 $11 Nxc6 21. Bf4) 20... Nxd4 $17 21. Rxe4 Rfd8 22. Bf4 Rac8 23. Bf1 Nb3 24. Rae1 Nd2 25. R4e2 Nxf1 26. Kxf1 Nf5 27. Rd2 g5 28. Rxd8+ Rxd8 $15 {[%mdl 4096] Endgame KRB-KRN} 29. Bc1 Kg7 30. h3 Kg6 31. f3 (31. Be3 $17) 31... h5 (31... Rc8 $1 $19 {and Black stays clearly on top.} 32. g4 Nd4) 32. g4 $17 Nh4 (32... Ne7 $17) 33. Kf2 $15 Rd3 34. Be3 (34. Re3 $1 $15 Rd5 35. Re1) 34... Rd5 (34... Rb3 $17 35. Re2 Kh6) 35. Bc1 (35. Rc1 $11) 35... Rc5 (35... Kh6 $17) 36. Be3 (36. Kg3 $11) 36... Rxe5 $17 37. Rc1 Rb5 38. b4 a5 39. Rc4 hxg4 40. hxg4 axb4 41. axb4 f5 42. Rc6 f4 43. Bd2 Kf7 44. Bc3 Rd5 45. Ke2 b5 46. Rc7+ Kg6 47. Rg7+ Kh6 48. Re7 Rd6 49. Bg7+ Kg6 50. Be5 Ra6 {White must now prevent ...Ra3.} 51. Rg7+ (51. Bc3 $11 {remains equal.}) 51... Kh6 {...Ra3 is the strong threat.} 52. Re7 Ra2+ (52... Ra3 $1 $17 {[%cal Ra3e3] And now ...Re3+ would win.} 53. Rxe6+ Kh7) 53. Kd3 $1 $15 Ra3+ 54. Kc2 $2 (54. Bc3 $1 $11) 54... Nxf3 $2 ({Don't play} 54... Rxf3 55. Bg7+ Kg6 56. Bd4 $17) (54... Ra6 $19 55. Rb7 Nxf3 56. Rxb5 Kg6) 55. Rxe6+ Kh7 {Hoping for ...Ra2+.} 56. Bf6 $2 {[#]} ({White should try} 56. Re7+ $15 Kg6 57. Re6+ Kf7 58. Rf6+ Ke7 59. Rf5) 56... Ra2+ $1 $19 57. Kd3 $2 (57. Kc3) 57... Rd2+ 58. Kc3 {White wants to play Bxg5!} Rd5 59. Re2 Kg6 60. Be7 $2 (60. Bh8) 60... Ne5 61. Rg2 Rd3+ 62. Kc2 Rg3 63. Rd2 Nxg4 64. Bc5 Ne3+ 65. Kb1 Nc4 66. Rd8 g4 67. Rg8+ Kf5 68. Rb8 Rb3+ 69. Kc2 Rb2+ 70. Kc3 Re2 71. Rxb5 Ne5 72. Rb8 g3 73. Rg8 g2 74. b5 f3 75. b6 f2 76. Bxf2 Rxf2 {KRN-KR} 77. b7 Nd7 ({Worse is} 77... Ng6 {[#]} 78. Rxg6 $1 {[%mdl 512]} Rf3+ 79. Kb4 $11) 78. Rg7 Rf1 $2 (78... Nb8 $19 79. Rg8 Ke4) 79. Rxg2 $11 {The position is equal.} Rb1 80. Rb2 Rxb2 81. Kxb2 Ke5 {Accuracy: White = 42%, Black = 44%.} 1/2-1/2

[Event "Tata Steel GCT Blitz 2019"]
[Site "Kolkata"]
[Date "2019.11.26"]
[Round "14"]
[White "Anand, Viswanathan"]
[Black "Vidit, Santosh Gujrathi"]
[Result "0-1"]
[WhiteElo "2757"]
[BlackElo "2722"]
[Annotator "TA RC"]
[PlyCount "88"]
[EventDate "2019.11.25"]
[EventType "tourn"]
[EventCountry "IND"]
[SourceTitle "playchess.com"]
[Source "ChessBase"]
[SourceQuality "1"]

{[%evp 9,88,7,35,0,0,0,10,0,25,0,0,6,13,9,14,0,13,11,22,0,0,0,0,0,-8,-13,0,-5,0,0,0,-137,-161,-149,-140,-162,-152,-140,-137,-161,-147,-214,-239,-222,-159,-201,-202,-202,-191,-197,-190,-161,-168,-251,-205,-258,-252,-255,-252,-273,-255,-279,-269,-272,-254,-260,-215,-353,-354,-382,-345,-572,-564,-560,-545,-526,-526,-543,-519,-497,-418]} 1. e4 e5 2. Nf3 Nc6 3. Bb5 Nf6 4. d3 Bc5 5. c3 d5 (5... O-O 6. O-O d6 7. Nbd2 a6 8. Ba4 Ba7 9. h3 Ne7 10. d4 Ng6 11. Bc2 Re8 12. Re1 Bd7 13. Nf1 c5 14. dxc5 dxc5 15. Bg5 Be6 16. Ne3 c4 17. Qe2 Bxe3 18. Bxe3 h6 19. Nd2 b5 20. a4 {1-0 (54) Dominguez Perez,L (2763)-Wang,H (2726) Khanty-Mansiysk 2019}) 6. Nbd2 {C65: Ruy Lopez: Berlin Defence (3...Nf6), unusual lines and 4 0-0 Bc5} dxe4 7. dxe4 O-O 8. O-O {The position is equal.} a5 9. h3 Qe7 10. a4 Nb8 {[%cal Bc6b8,Bb8d7,Bd7f8,Bf8e6][%mdl 32]} 11. Re1 Rd8 12. Qc2 Nbd7 13. Bf1 Nf8 {[#]} 14. Nb3 $146 ({Predecessor:} 14. Nc4 Ng6 15. g3 b6 16. Nfd2 Qe6 {½-½ (57) Ganguly,S (2657)-Tate,A (2309) Caleta 2017}) 14... Bb6 15. Nfd2 Be6 16. Nc4 Bxc4 17. Bxc4 Ne6 18. g3 h6 19. Kg2 Rd7 20. Nd2 (20. Be3 $11) 20... Qc5 $36 {[%mdl 2048] Black is on the roll.} 21. Nf3 Qxc4 22. Nxe5 Qc5 23. Nxd7 Nxd7 24. Be3 Qc6 25. Rad1 (25. Bxb6 $17 Nxb6 26. b3) 25... Bxe3 $19 26. Rxe3 Re8 27. Qb3 Nb6 28. Qb5 Qxb5 29. axb5 a4 30. Re2 {[#]} f5 $1 {[%mdl 512]} 31. e5 (31. h4 {was worth a try.}) (31. exf5 Nf4+) 31... g5 32. Kf3 Kf7 33. Kg2 Ke7 34. Red2 Rg8 35. Ra1 Nc5 36. Rad1 Ke6 37. Re2 Ra8 38. h4 (38. Rd4 $142) 38... g4 39. h5 Ne4 40. f3 $2 {[#]} (40. Rd4 {is a better defense.}) 40... gxf3+ {Black is clearly winning.} 41. Kxf3 Rg8 42. Rg2 Nc4 43. Rd4 Nxe5+ 44. Ke3 Nc5 {Accuracy: White = 41%, Black = 82%.} 0-1

[Event "Tata Steel GCT Blitz 2019"]
[Site "Kolkata"]
[Date "2019.11.26"]
[Round "15"]
[White "Carlsen, Magnus"]
[Black "Nepomniachtchi, Ian"]
[Result "1/2-1/2"]
[WhiteElo "2870"]
[BlackElo "2773"]
[Annotator "TA"]
[PlyCount "19"]
[EventDate "2019.11.25"]
[EventType "tourn"]
[EventCountry "IND"]
[SourceTitle "playchess.com"]
[Source "ChessBase"]
[SourceQuality "1"]

{[%evp 18,19,21,0]} 1. Nf3 c5 2. c3 d5 3. d4 cxd4 4. cxd4 Nc6 5. Nc3 Nf6 6. Bf4 Nh5 $146 ({Predecessor:} 6... Bf5 7. e3 e6 8. Bd3 Bxd3 9. Qxd3 Bd6 10. Bxd6 Qxd6 11. O-O O-O 12. Rac1 Rfc8 13. h3 Ne7 14. Rc2 Qd8 15. Rfc1 h6 16. Ne2 Rxc2 17. Rxc2 Rc8 18. Nc1 Rxc2 19. Qxc2 Qc8 20. Qxc8+ Nxc8 21. Nd3 {½-½ (30) Leko,P (2674)-Rapport,R (2736) Hengshui 2019}) 7. Bd2 Nf6 8. Bf4 (8. e3 e6 9. Bd3 Bd6 10. e4 dxe4 11. Nxe4 Be7 12. O-O O-O 13. Qc2 h6 14. Rad1 Bd7 {0-1 (40) Carlsen,M (2837)-Nepomniachtchi,I (2729) London 2017}) 8... Nh5 9. Bd2 Nf6 10. Bf4 1/2-1/2

[Event "Tata Steel GCT Blitz 2019"]
[Site "Kolkata"]
[Date "2019.11.26"]
[Round "15"]
[White "Giri, Anish"]
[Black "Anand, Viswanathan"]
[Result "1-0"]
[WhiteElo "2776"]
[BlackElo "2757"]
[Annotator "TA"]
[PlyCount "88"]
[EventDate "2019.11.25"]
[EventType "tourn"]
[EventCountry "IND"]
[SourceTitle "playchess.com"]
[Source "ChessBase"]
[SourceQuality "1"]

{[%evp 9,88,10,12,10,10,0,24,0,0,3,0,-12,-14,-10,-12,-29,-17,-17,-12,-26,0,-30,11,10,22,23,10,0,0,0,6,8,3,0,0,0,0,0,-2,-6,-14,0,0,-450,-426,-423,-415,-377,-346,-368,-375,-357,-366,-353,-337,-452,-429,-537,-543,-547,-516,-564,-554,-515,-541,-528,-429,-515,-497,-590,-589,-513,-454,-505,-408,-383,-297,-296,-245,-278,-257]} 1. c4 e5 2. g3 Nf6 3. Bg2 Bc5 4. d3 (4. Nc3 c6 5. e4 O-O 6. Nge2 d5 7. cxd5 cxd5 8. exd5 Na6 9. a3 Nc7 10. O-O Ncxd5 11. Nxd5 Nxd5 12. d4 exd4 13. Nxd4 Bb6 14. Qb3 Nf6 15. Rd1 Bxd4 16. Be3 Qb6 {0-1 (16) Shankland,S (2705)-Ding,L (2811) chess.com INT 2019}) 4... c6 5. Nf3 d6 6. Nc3 {A20: English Opening: 1...e5} O-O 7. O-O a5 8. b3 $146 {White has an edge.} ({Predecessor:} 8. Bg5 Nbd7 9. Nd2 Ba7 10. a3 {½-½ (39) Haase,E-Bockelmann,F Schleswig Holstein 1991}) 8... Re8 9. e3 Bf5 10. h3 h6 11. Bb2 Bb6 12. Kh2 Nbd7 {[%cal Bb8d7,Bd7c5,Bc5e6,Be6d4,Bd4e2][%mdl 32]} 13. Qd2 Nc5 14. e4 Bd7 15. Ng1 a4 16. b4 a3 17. Bc1 $1 Ne6 18. Nge2 Nd4 19. Rb1 Nxe2 20. Nxe2 d5 $36 {[%mdl 2048] Black is more active.} 21. cxd5 cxd5 22. exd5 e4 23. Nc3 $1 {[%cal Rd3e4]} e3 24. fxe3 Bxe3 25. Qd1 Bd4 26. Ne2 $2 {[%mdl 8192] [#]} (26. Rb3 $11) 26... Ba4 $19 27. Qd2 Be3 28. Qe1 {With the idea Bxe3.} Bc2 29. Ra1 {[#] Black must now prevent Bxe3.} Bd4 $1 {[%mdl 512]} 30. Nxd4 Rxe1 31. Rxe1 Bxd3 32. Re3 Bg6 33. Re5 Qb6 34. Nb3 Rc8 35. Be3 Qxb4 36. Bd2 Qd6 37. Bf4 Kh7 38. Re8 Qd7 (38... Nxe8 $2 39. Bxd6 Nxd6 40. g4 $19) 39. Rxc8 Qxc8 40. Rc1 Qd8 41. Be5 Nd7 42. Bd4 Bd3 43. Rc3 Bb1 44. Nd2 Bxa2 {[%mdl 32768] Accuracy: White = 55%, Black = 84%. . Loss on time!?} 1-0

[Event "Tata Steel GCT Blitz 2019"]
[Site "Kolkata"]
[Date "2019.11.26"]
[Round "15"]
[White "Nakamura, Hikaru"]
[Black "Aronian, Levon"]
[Result "1-0"]
[WhiteElo "2741"]
[BlackElo "2772"]
[Annotator "TA"]
[PlyCount "91"]
[EventDate "2019.11.25"]
[EventType "tourn"]
[EventCountry "IND"]
[SourceTitle "playchess.com"]
[Source "ChessBase"]
[SourceQuality "1"]

{[%evp 21,91,6,14,14,20,16,14,0,0,0,12,6,7,10,13,8,34,46,117,110,120,133,132,103,127,85,164,135,181,174,178,188,172,176,255,230,365,369,406,406,406,406,400,370,488,499,499,499,480,391,499,483,533,481,481,0,490,0,465,455,451,444,1060,1024,1197,1092,1136,1060,1309,1228,982,779]} 1. d4 Nf6 2. c4 e6 3. Nc3 Bb4 4. Qc2 c5 5. dxc5 O-O 6. Nf3 Na6 {[%cal Bb8a6,Ba6c5,Bc5e4][%mdl 32]} 7. g3 Nxc5 8. Bg2 Nce4 9. O-O Nxc3 10. bxc3 Be7 11. e4 d6 12. e5 $1 {[%cal Re5f6] E39: Nimzo-Indian: Classical: 4...c5 5 dxc5 0-0} dxe5 13. Nxe5 Qc7 14. Re1 {The position is equal.} (14. Qe2 Nd7 15. Bf4 Nxe5 16. Bxe5 Bd6 17. Rfe1 Rb8 18. Rad1 Bxe5 19. Qxe5 Qxe5 20. Rxe5 b6 21. c5 Ba6 22. c6 {½-½ (43) Nakamura,H (2781)-Caruana,F (2799) London 2017}) 14... Bd6 15. Qe2 Nd7 {[%cal Rd7e5]} 16. Bf4 Bxe5 $146 ({Predecessor:} 16... Nxe5 17. Bxe5 Bxe5 {1-0 (41) Antonsen,M (2444)-Kucuksari,K (2329) Gothenburg 2018}) 17. Bxe5 Nxe5 18. Qxe5 Qxe5 19. Rxe5 Rb8 (19... Rd8 $14) 20. Ra5 $16 Bd7 21. Rxa7 Bc6 22. Bxc6 bxc6 {[%mdl 4096] Endgame KRR-KRR} 23. Ra6 Rfd8 (23... Ra8 $16 24. Rxc6 Ra3) 24. Rxc6 g6 {[#]} 25. c5 $1 Rb5 26. a4 {[%cal Ba2a4,Ba4a5,Ba5a6,Ba6a7][%mdl 32]} Ra5 27. Rb6 Rxc5 (27... Rc8 $142 28. c6 Kf8) 28. a5 $18 Rxc3 (28... Rc7 {is a better defense.} 29. c4 Kf8) 29. a6 Ra8 {Black hopes to continue with ...Rc7.} 30. a7 Rcc8 31. Rb7 Kg7 32. Rd1 h5 33. Rdd7 Rf8 34. h4 Kf6 35. Rdc7 e5 36. Kf1 Ke6 37. Re7+ Kf6 38. Rec7 Ke6 39. Re7+ Kf6 $1 40. Kg2 {White is clearly winning.} Rac8 41. Red7 Ke6 (41... Kg7 $142 42. Rb5 e4) 42. Rd3 f6 43. Rb6+ Ke7 44. Ra3 Ra8 45. Raa6 Rfd8 46. Re6+ {Accuracy: White = 77%, Black = 37%.} 1-0

[Event "Tata Steel GCT Blitz 2019"]
[Site "Kolkata"]
[Date "2019.11.26"]
[Round "16"]
[White "So, Wesley"]
[Black "Giri, Anish"]
[Result "1/2-1/2"]
[WhiteElo "2760"]
[BlackElo "2776"]
[Annotator "TA"]
[PlyCount "43"]
[EventDate "2019.11.25"]
[EventType "tourn"]
[EventCountry "IND"]
[SourceTitle "playchess.com"]
[Source "ChessBase"]
[SourceQuality "1"]

{[%evp 23,43,0,0,0,0,0,11,7,10,0,20,12,16,-29,-20,-26,0,0,30,8,18,0]} 1. d4 Nf6 2. c4 e6 3. Nf3 d5 4. Nc3 c6 5. e3 Nbd7 6. Qc2 Bd6 7. b3 O-O 8. Be2 b6 9. O-O Bb7 10. Bb2 Qe7 11. Rad1 Rad8 12. Rfe1 Rfe8 13. Bf1 {D45: Semi-Slav: 5 e3} c5 14. cxd5 exd5 15. g3 Rc8 16. Qb1 cxd4 17. Nxd4 Bb4 {[#]} 18. Qa1 $146 ({Predecessor:} 18. Rc1 Ne5 19. Bh3 Rcd8 20. Red1 Bc5 {1-0 (46) Sasikiran,K (2684)-Brkic,A (2530) Sibenik 2008}) 18... Ne5 19. Bg2 Qd7 20. a3 Bc5 (20... Bxc3 $5 21. Bxc3 Ne4 $11) 21. Nce2 Ne4 22. Nf4 1/2-1/2

[Event "Tata Steel GCT Blitz 2019"]
[Site "Kolkata"]
[Date "2019.11.26"]
[Round "16"]
[White "Anand, Viswanathan"]
[Black "Nakamura, Hikaru"]
[Result "1/2-1/2"]
[WhiteElo "2757"]
[BlackElo "2741"]
[Annotator "RC"]
[PlyCount "42"]
[EventDate "2019.11.25"]
[EventType "tourn"]
[EventCountry "IND"]
[SourceTitle "playchess.com"]
[Source "ChessBase"]
[SourceQuality "1"]
[TimeMode "Bronstein"]
[TimeControl "300+3"]

1. e4 {[%emt 0:00:00]} e5 {[%emt 0:00:00]} 2. Nf3 {[%emt 0:00:00]} Nc6 {[%emt 0:00:00]} 3. Bc4 {[%emt 0:00:00]} Bc5 {[%emt 0:00:00]} 4. c3 {[%emt 0:00:00]} Nf6 {[%emt 0:00:00]} 5. d3 {[%emt 0:00:00]} d6 {[%emt 0:00:00]} 6. O-O {[%emt 0:00:00]} O-O {[%emt 0:00:00]} 7. Bg5 {[%emt 0:00:00]} h6 {[%emt 0:00:00]} 8. Bh4 {[%emt 0:00:00]} a6 {[%emt 0:00:00]} 9. a4 {[%emt 0:00:00]} Ba7 {[%emt 0:00:09]} 10. Nbd2 {[%emt 0:00:00]} g5 {[%emt 0:00:03]} 11. Bg3 {[%emt 0:00:00]} Kg7 {[%emt 0:00:03]} 12. Re1 {[%emt 0:00:27]} Nh7 {[%emt 0:00:03]} 13. b4 {[%emt 0:00:07]} h5 {[%emt 0:00:06]} 14. h3 {[%emt 0:00:09]} h4 {[%emt 0:00:06]} 15. Bh2 {[%emt 0:00:03]} g4 {[%emt 0:00:03]} 16. hxg4 {[%emt 0:00:03]} Bxg4 {[%emt 0:00:35]} 17. b5 {[%emt 0:00:03]} Ne7 {[%emt 0:00:14]} 18. d4 {[%emt 0:00:04]} Ng6 {[%emt 0:00:08]} 19. Be2 {[%emt 0:00:24]} Qf6 {[%emt 0:00:18]} 20. bxa6 {[%emt 0:00:24]} bxa6 {[%emt 0:00:07]} 21. Kh1 {[%emt 0:00:22]} Nf4 {[%emt 0:00:43]} 1/2-1/2

[Event "Tata Steel GCT Blitz 2019"]
[Site "Kolkata"]
[Date "2019.11.26"]
[Round "17"]
[White "Carlsen, Magnus"]
[Black "Anand, Viswanathan"]
[Result "1-0"]
[WhiteElo "2870"]
[BlackElo "2757"]
[Annotator "TA"]
[PlyCount "101"]
[EventDate "2019.11.25"]
[EventType "tourn"]
[EventCountry "IND"]
[SourceTitle "playchess.com"]
[Source "ChessBase"]
[SourceQuality "1"]

{[%evp 10,101,9,4,15,12,13,8,6,0,0,4,0,0,0,0,0,0,2,7,20,0,0,-13,-4,-11,-2,-6,27,22,33,29,26,20,72,75,79,23,32,32,47,34,34,42,38,33,43,19,19,17,13,11,12,0,0,0,12,0,-4,0,0,-25,8,0,0,-6,0,0,11,14,8,19,41,37,105,55,110,149,113,128,135,123,391,366,433,74,239,-160,166,-1287,11,25,1170,1168]} 1. d4 Nf6 2. Nf3 d5 3. Bf4 e6 4. e3 Bd6 5. Nbd2 Bxf4 6. exf4 Qd6 {D02: 1 d4 d5 2 Nf3 sidelines, including 2...Nf6 3 g3 and 2...Nf6 3 Bf4} 7. g3 $1 b6 8. c3 O-O {The position is equal.} 9. Bd3 Ba6 10. Bxa6 Nxa6 11. Qe2 Nb8 12. Ne5 $146 ({Predecessor:} 12. a4 c5 13. O-O Nc6 14. Nb3 {0-1 (33) Nakamura,H (2769)-Anand,V (2759) Leuven 2018}) 12... c5 13. Ndf3 Ne4 14. O-O f6 15. Ng4 Nc6 16. dxc5 bxc5 17. Rad1 f5 18. Nge5 Rab8 19. c4 Nxe5 20. Nxe5 Rfd8 21. Rfe1 Qa6 (21... a5 $11 {keeps the balance.}) 22. f3 Nf6 23. b3 ({Better is} 23. cxd5 $16 Qxe2 24. Rxe2 exd5 25. Rc2) 23... Rbc8 24. Rc1 {[%cal Bd1c1,Bc1c2,Bc2e2][%mdl 32]} d4 25. Nd3 Rd6 26. Rc2 Nd7 27. Qg2 Qb6 28. Rce2 a5 29. Rb2 Rb8 30. Qd2 Qc7 31. Qd1 h6 32. Rbe2 Qb6 33. h4 a4 {[%cal Ra4b3]} 34. Rb2 axb3 35. axb3 Qa7 36. Kh2 Ra6 37. Qe2 Rab6 38. g4 fxg4 39. fxg4 Qc7 40. g5 {Hoping for gxh6.} hxg5 41. hxg5 e5 (41... Nf8 $14) 42. fxe5 Re6 (42... Nf8 $1 $14) 43. Qe4 $16 Rbe8 {[%cal Rd7e5]} 44. Qd5 Nb6 45. Qxc5 Qd8 $2 {[%mdl 8192]} (45... Qxc5 $16 46. Nxc5 Rxe5 47. Rxe5 Rxe5) 46. Rg2 $18 Rf8 47. Qb5 $2 (47. Re4 $18 {is more deadly.}) 47... Rf3 $2 (47... Rf5 $16) 48. Nc5 $2 {[#]} (48. c5 $1 $18 {[%cal Rc5b6]} Nd7 49. Qc4) 48... Rg6 $2 (48... Rh6+ $1 $17 49. Kg1 d3 50. Nxd3 (50. gxh6 {gets mated.} Qd4+ 51. Kh2 Qh4+ {[%mdl 64] Double Attack} 52. Kg1 Qxe1+ {[%mdl 64] Double Attack} 53. Kh2 Qxe5+ 54. Kg1 Qe3+ {[%mdl 64] Double Attack} 55. Kh1 Rh3+ {[%mdl 64] Double Attack} 56. Rh2 Qe1+ 57. Kg2 Rg3#) 50... Qxd3 51. Qe8+ (51. gxh6 Qd4+ 52. Kh2 Qh4+ {[%mdl 64] Double Attack} 53. Kg1 Qxe1+ 54. Kh2 Qh4+ {[%mdl 64] Double Attack} 55. Kg1 Qd4+ 56. Kh2 Qf4+ {[%mdl 64] Double Attack} 57. Kh1 Rf1+ 58. Rg1 Qh4+ 59. Kg2 Rf2#) 51... Rf8 52. Qxf8+ Kxf8 53. gxh6 gxh6) 49. e6 $4 {[%mdl 8192]} (49. Ne4 $18) 49... Qd6+ $2 (49... Rxg5 $19 {( -> ...Qc7+)} 50. Qxb6 Rh5+ 51. Kg1 {[#]} Rh1+ $3 {[%mdl 576] Decoy} 52. Kxh1 Qh4+ {[%mdl 64] Double Attack} 53. Kg1 Qxe1+ 54. Kh2 Qe5+ 55. Kg1 Qe3+ 56. Kh1 Rh3+ 57. Rh2 Qe1+ 58. Kg2 Rg3#) 50. Kg1 $11 Rxg5 $2 {[%mdl 8192] [#]} (50... d3 $11 51. Nxd3 (51. Qe8+ $2 Rf8 $19) 51... Rxe6 52. Rxe6 Qxe6) 51. Ne4 $1 {[%mdl 512] Accuracy: White = 39%, Black = 28%.} 1-0

[Event "Tata Steel GCT Blitz 2019"]
[Site "Kolkata"]
[Date "2019.11.26"]
[Round "17"]
[White "Giri, Anish"]
[Black "Vidit, Santosh Gujrathi"]
[Result "1-0"]
[WhiteElo "2776"]
[BlackElo "2722"]
[Annotator "TA RC"]
[PlyCount "77"]
[EventDate "2019.11.25"]
[EventType "tourn"]
[EventCountry "IND"]
[SourceTitle "playchess.com"]
[Source "ChessBase"]
[SourceQuality "1"]

{[%evp 23,81,9,9,17,20,9,9,9,10,18,14,12,15,5,8,10,10,10,25,12,29,29,29,20,28,20,20,29,47,31,34,41,194,194,199,197,192,205,202,193,330,223,343,240,338,332,733,719,702,691,764,772,661,590,1203,1203,12841,12841,12843,12843]} 1. d4 Nf6 2. c4 e6 3. Nf3 d5 4. g3 Be7 5. Bg2 O-O 6. O-O dxc4 7. Qc2 a6 8. a4 Bd7 9. Qxc4 Bc6 10. Bg5 Bd5 11. Qc2 Be4 12. Qc1 h6 13. Bxf6 {E05: Open Catalan: 5 Nf3 Be7} Bxf6 14. Rd1 a5 15. Nbd2 {The position is equal.} Bxf3 16. Bxf3 c6 17. e3 Na6 18. h4 {[#]} g6 $146 ({Predecessor:} 18... Nb4 19. Nb3 Qe7 20. Qc5 Rfd8 21. Qxe7 Bxe7 {½-½ (30) Zherebukh,Y (2605)-Swiercz,D (2645) Saint Louis 2017}) 19. h5 g5 20. Qc4 Qe7 21. Qe2 Nb4 22. Nc4 Rfd8 23. Rd2 Bg7 24. Rad1 Qc7 25. e4 Rac8 26. e5 Nd5 27. Be4 b5 $2 (27... Rd7 $14) 28. axb5 $18 cxb5 29. Nd6 {[%mdl 64] [#] Discovered Attack} Rxd6 30. exd6 Qxd6 31. Qxb5 Nb6 (31... Nf6 $142) 32. Qxa5 Rc4 (32... Nc4 {was worth a try.} 33. Qc3 Qb8) 33. Kg2 Bxd4 (33... Bf8 {is a better defense.} 34. Bf3 Rb4) 34. b3 Rb4 $2 {[#]} (34... Rc5 35. Qb4 (35. Rxd4 Qxd4 36. Qa8+ Nxa8 $11) 35... e5) 35. Qa3 {White is clearly winning.} e5 36. Rc2 Kg7 37. Rc6 Qe7 38. Rdc1 Qf8 39. R1c2 {Played: Rc6-c7} 1-0

[Event "Tata Steel GCT Blitz 2019"]
[Site "Kolkata"]
[Date "2019.11.26"]
[Round "17"]
[White "Nakamura, Hikaru"]
[Black "So, Wesley"]
[Result "1/2-1/2"]
[WhiteElo "2741"]
[BlackElo "2760"]
[Annotator "TA"]
[PlyCount "102"]
[EventDate "2019.11.25"]
[EventType "tourn"]
[EventCountry "IND"]
[SourceTitle "playchess.com"]
[Source "ChessBase"]
[SourceQuality "1"]

{[%evp 11,102,-4,5,2,2,0,5,0,0,0,0,0,0,-2,12,12,12,6,15,0,50,36,41,0,46,45,63,60,122,120,246,227,252,238,264,56,68,60,65,64,54,51,65,21,91,88,85,57,112,87,91,106,97,89,117,108,104,104,168,168,170,143,567,567,476,0,167,174,277,0,0,0,0,0,0,-497,0,0,0,0,0,0,0,0,0,0,0,0,0,0,0,0,0]} 1. d4 Nf6 2. c4 e6 3. Nc3 Bb4 4. Qc2 O-O 5. a3 Bxc3+ 6. Qxc3 d5 7. e3 {E36: Nimzo-Indian: Classical: 4...d5 5 a3} (7. Nf3 dxc4 8. Qxc4 b6 9. Bg5 Bb7 10. Rd1 Nbd7 11. Ne5 h6 12. Bh4 c5 13. Nxd7 Qxd7 14. Bxf6 gxf6 15. dxc5 Qc7 16. h4 Rfd8 17. Rxd8+ Rxd8 {½-½ (30) Yu,Y (2763)-Ding,L (2811) Khanty-Mansiysk 2019}) 7... b6 8. cxd5 Nxd5 9. Qc2 Bb7 10. e4 $146 ({Predecessor:} 10. Nf3 Nd7 11. Bd3 h6 12. e4 Ne7 13. Be3 c5 14. Rd1 Rc8 {1-0 (31) Le,Q (2706)-Kaufman,R (2341) Saint Louis 2014}) 10... Nf6 11. e5 Nd5 12. Nf3 h6 13. Qe4 {Hoping for Bd3.} Ba6 14. Bxa6 Nxa6 15. Qg4 $40 {[%mdl 128] White attacks.} Kh8 (15... Kh7 {is more complex.} 16. O-O Nb8 17. Bg5 Qd7 18. Qe4+ Kh8) 16. Qh3 Kg8 17. Qg4 {Strongly threatening Bxh6.} Kh8 18. O-O Qe7 19. Qh3 Kg8 ({Black should play} 19... Kh7 $14) 20. Re1 $1 $16 c5 (20... f5 $16) 21. Re4 $1 $18 f5 22. exf6 $1 Rxf6 23. Be3 $2 (23. Rg4 $1 $18) 23... Raf8 $14 24. Re1 Nxe3 25. R4xe3 Nc7 26. dxc5 Qxc5 {With the idea ...Nd5.} 27. Ne5 {And now Nd7 would win.} Qb5 (27... Qd4 $11) 28. R3e2 $16 Nd5 {Black wants to play ...Nf4.} 29. g3 Rf5 (29... Ne7 $14) 30. Ng6 R8f6 31. Nh4 $1 {[%cal Rh4f5]} Rg5 {Threatens to win with ...Nf4.} 32. Rxe6 {Intending Re8+ and mate.} Kh7 {aiming for ...Nf4.} 33. Rxf6 Nxf6 34. Qf1 Qxb2 (34... Rd5 $16 {was necessary.}) 35. Qd3+ $18 Kg8 36. Ng6 {Black must now prevent Qd8+.} Kh7 $2 {[%mdl 8192]} (36... Ra5 $16) 37. Ne5+ Kg8 38. Ng6 $2 (38. f4 Rh5 39. h4) 38... Kh7 {...Rd5 is the strong threat.} 39. Nf8+ {[%mdl 64] Discovered Attack (Double check)} Kg8 {[#]} (39... Kh8 {keeps fighting.}) 40. Qd8 $2 (40. Nh7 $1 $18 {[%cal Rh7f6][%mdl 512]} Qb5 (40... Nxh7 41. Qc4+) 41. Nxf6+ gxf6 42. Qd8+ Kh7 43. Qxf6) 40... Rf5 $11 41. Ng6+ Kh7 42. Nf8+ {[#]} Kg8 $1 {[%mdl 512]} 43. f4 $2 {[%mdl 8192] [#]} (43. Ne6+ $11 {and White is okay.} Kh7 44. Rf1 Qxa3 45. Qc7 $1 {[%mdl 512]}) 43... Qc3 $2 ({Better is} 43... Ng4 $1 $19 {[%mdl 512]} 44. Nd7+ {[#]} Kh7 $1 {[%mdl 512]} 45. Nf6+ Nxf6) 44. Ng6+ {The position is equal.} Kh7 45. Nf8+ Kg8 46. Nd7+ Kh7 47. Nxf6+ Rxf6 48. Re8 Qc5+ 49. Kg2 Qc6+ 50. Kh3 Rd6 51. Qe7 Qd7+ {Accuracy: White = 68%, Black = 50%.} 1/2-1/2